|
|
|
|
| LEADER |
00000nam0a2200000 4500 |
| 001 |
277894 |
| 005 |
20231101235047.0 |
| 010 |
|
|
|a 9785778224940
|
| 035 |
|
|
|a (RuTPU)RU\TPU\book\301171
|
| 090 |
|
|
|a 277894
|
| 100 |
|
|
|a 20141208d2014 k y0rusy50 ca
|
| 101 |
0 |
|
|a rus
|a eng
|
| 102 |
|
|
|a RU
|
| 105 |
|
|
|a y z 101zy
|
| 200 |
1 |
|
|a Прикладной и геометрический анализ
|e тезисы докладов Международной конференции, 22-25 сентября 2014 г., Самарканд, Узбекистан
|f Самаркандский государственный университет (СамГУ) ; Новосибирский государственный технический университет (НГТУ) ; Российская академия наук (РАН), Сибирское отделение (СО), Институт математики им. С. Л. Соболева (ИМ) ; Российская академия наук (РАН), Сибирское отделение (СО), Институт вычислительной математики и математической геофизики (ИВМиМГ) ; Новосибирский государственный университет (НГУ) ; Московский государственный университет им. М. В. Ломоносова (МГУ) ; под ред. И. А. Тайманова ; А. Х. Бегматова
|
| 210 |
|
|
|a Новосибирск
|c Изд-во НГТУ
|d 2014
|
| 215 |
|
|
|a 106 с.
|c ил.
|
| 320 |
|
|
|a Библиография в конце докладов.
|
| 330 |
|
|
|a Конференция организована совместно Самаркандским государственным университетом, Национальным университетом Узбекистана и Новосибирским государственным техническим университетом при поддержке Института математики СО РАН, Института вычислительной математики и математической геофизики СО РАН, Института вычислительных технологий СО РАН, Новосибирского государственного университета и Московского государственного университета.
|
| 510 |
1 |
|
|a Applied and Geometrical Analysis
|z eng
|
| 606 |
1 |
|
|a Математический анализ
|2 stltpush
|3 (RuTPU)RU\TPU\subj\41236
|9 61042
|
| 610 |
1 |
|
|a прикладной анализ
|
| 610 |
1 |
|
|a геометрический анализ
|
| 610 |
1 |
|
|a международные конференции
|
| 675 |
|
|
|a 517(063)
|v 3
|
| 702 |
|
1 |
|a Тайманов
|b И. А.
|4 340
|
| 702 |
|
1 |
|a Бегматов
|b А. Х.
|4 340
|
| 712 |
0 |
2 |
|a Самаркандский государственный университет (СамГУ)
|2 stltpush
|3 (RuTPU)RU\TPU\col\13607
|
| 712 |
0 |
2 |
|a Новосибирский государственный технический университет (НГТУ)
|c (1992- )
|2 stltpush
|3 (RuTPU)RU\TPU\col\36
|
| 712 |
0 |
2 |
|a Российская академия наук (РАН)
|b Сибирское отделение (СО)
|b Институт математики им. С. Л. Соболева (ИМ)
|c (Новосибирск)
|2 stltpush
|3 (RuTPU)RU\TPU\col\43
|
| 712 |
0 |
2 |
|a Российская академия наук (РАН)
|b Сибирское отделение (СО)
|b Институт вычислительной математики и математической геофизики (ИВМиМГ)
|c (Новосибирск)
|2 stltpush
|3 (RuTPU)RU\TPU\col\12783
|
| 712 |
0 |
2 |
|a Новосибирский государственный университет (НГУ)
|2 stltpush
|3 (RuTPU)RU\TPU\col\721
|
| 712 |
0 |
2 |
|a Московский государственный университет им. М. В. Ломоносова (МГУ)
|2 stltpush
|3 (RuTPU)RU\TPU\col\7
|
| 712 |
1 |
2 |
|a Прикладной и геометрический анализ
|b Международная конференция
|e Самарканд
|f 2014
|
| 801 |
|
1 |
|a RU
|b 63413507
|c 20141208
|
| 801 |
|
2 |
|a RU
|b 63413507
|c 20150203
|g RCR
|
| 942 |
|
|
|c BK
|